[Event "POL-chT Academic"]
[Site "Chorzow"]
[Date "2021.05.16"]
[Round "7.4"]
[White "Matlewski, Adam"]
[Black "Rudecki, Bartosz"]
[Result "0-1"]
[WhiteElo "1812"]
[BlackElo "1846"]
[PlyCount "56"]
[EventDate "2021.05.15"]
[EventType "team-swiss (rapid)"]
[EventRounds "9"]
[EventCountry "POL"]
[SourceTitle "CBM 202 Extra"]
[Source "ChessBase"]
[SourceDate "2021.07.31"]
[SourceVersion "1"]
[SourceVersionDate "2021.07.31"]
[SourceQuality "1"]
[WhiteTeam "Poznan Mickiewicz Univ"]
[BlackTeam "Warsaw Kozminski Academy"]
[WhiteTeamCountry "POL"]
[BlackTeamCountry "POL"]

1. d4 Nf6 2. Nf3 d6 3. g3 g6 4. Bg2 Bg7 5. 0-0 0-0 6. c4 Nbd7 7. b3 e5 8. dxe5 Nxe5 9. Nxe5 dxe5 10. Bb2 Qxd1 11. Rxd1 Re8 12. Nc3 c6 13. Rd6 Be6 14. Rad1 Bf8 15. R6d2 Bb4 16. a3 Bf8 17. Na4 Nh5 18. e4 b5 19. Nc3 bxc4 20. bxc4 Bxc4 21. Rd7 Reb8 22. Bc1 Bb3 23. R1d3 Bc4 24. Rd1 Rb3 25. Bd2 Nf6 26. Rc7 Rd8 27. Rxc6 Rxd2 28. Rxc4 Rxc3 0-1

[Event "POL-chT3 Wielkopolskie 1516"]
[Site "Poland"]
[Date "2016.01.17"]
[Round "3.11"]
[White "Glapa, Witold"]
[Black "Matlewski, Adam"]
[Result "0-1"]
[WhiteElo "1711"]
[BlackElo "1748"]
[PlyCount "88"]
[EventDate "2016.01.10"]
[EventType "team-tourn"]
[EventRounds "11"]
[EventCountry "POL"]
[SourceTitle "EXT 2019"]
[Source "ChessBase"]
[SourceDate "2018.10.10"]
[SourceVersion "1"]
[SourceVersionDate "2018.10.10"]
[SourceQuality "1"]

1. e4 c6 2. d4 d5 3. Nc3 dxe4 4. Nxe4 Bf5 5. Ng3 Bg6 6. Nf3 Nd7 7. Bc4 e6 8. 0-0 Ngf6 9. Bd2 Be7 10. c3 0-0 11. Re1 b5 12. Bf1 Qb6 13. Be3 Nd5 14. Ne5 Nxe5 15. dxe5 Nxe3 16. Rxe3 Bc5 17. Rf3 Rad8 18. Qe1 b4 19. h4 h5 20. Ne4 bxc3 21. Nxc3 Rd4 22. b3 Bb4 23. Rc1 Rfd8 24. g3 Qa5 25. a4 Ba3 26. Nb1 Bb4 27. Nc3 Rd2 28. Qe3 Bc5 29. Qe1 Rb2 30. Rf4 Rdd2 31. Nd1 Ra2 32. Nc3 Rac2 33. Nb1 Rxc1 34. Qxd2 Qxd2 35. Nxd2 Rd1 36. Ne4 Bd4 37. Kg2 Bxe5 38. Nc5 Bxf4 39. gxf4 Kf8 40. Be2 Rc1 41. Bc4 Ke7 42. Kg3 Rc3+ 43. Kg2 Bc2 44. Na6 Bxb3 0-1

[Event "POL-chT3 Wielkopolskie 1516"]
[Site "Poland"]
[Date "2016.01.17"]
[Round "2.5"]
[White "Matlewski, Adam"]
[Black "Hemmerling, Jaroslaw"]
[Result "0-1"]
[WhiteElo "1748"]
[BlackElo "1947"]
[PlyCount "102"]
[EventDate "2016.01.10"]
[EventType "team-tourn"]
[EventRounds "11"]
[EventCountry "POL"]
[SourceTitle "EXT 2019"]
[Source "ChessBase"]
[SourceDate "2018.10.10"]
[SourceVersion "1"]
[SourceVersionDate "2018.10.10"]
[SourceQuality "1"]

1. d4 b5 2. Nf3 Bb7 3. g3 Nf6 4. Bg2 e6 5. 0-0 Be7 6. Nbd2 0-0 7. Re1 d5 8. Ne5 Nbd7 9. Nxd7 Qxd7 10. e4 dxe4 11. Nxe4 Nxe4 12. Bxe4 Bxe4 13. Rxe4 c5 14. c3 Bf6 15. Be3 cxd4 16. Bxd4 Qd5 17. Qe2 Bxd4 18. Rxd4 Qc5 19. Rad1 a5 20. a3 Rab8 21. Qe4 g6 22. R1d3 Qg5 23. f4 Qc5 24. Kg2 Rfc8 25. Qe3 Kg7 26. Qd2 h5 27. Re3 Rb7 28. Re5 Qc6+ 29. Kg1 Rcc7 30. Rd6 Rd7 31. Rxd7 Rxd7 32. Qe2 b4 33. axb4 axb4 34. c4 Rd4 35. b3 Qd7 36. Qf3 Rd2 37. Re2 Rd3 38. Qe4 Rxb3 39. c5 Qa7 40. Kg2 Qxc5 41. Qb7 Qc4 42. Rd2 Re3 43. Kf2 Qc5 44. Kg2 Qc3 45. Rd7 Qc2+ 46. Kh3 Qf5+ 47. Kg2 Re2+ 48. Kf1 Rb2 49. Ke1 Rb1+ 50. Rd1 Qc2 51. Qf3 Qxd1+ 0-1

[Event "POL-chT U19 2nd League"]
[Site "Iwonicz"]
[Date "2015.08.01"]
[Round "5.38"]
[White "Miasik, Adrian"]
[Black "Matlewski, Adam"]
[Result "1/2-1/2"]
[WhiteElo "1805"]
[BlackElo "1794"]
[PlyCount "120"]
[EventDate "2015.07.25"]
[EventType "team-swiss"]
[EventRounds "11"]
[EventCountry "POL"]
[SourceTitle "EXT 2019"]
[Source "ChessBase"]
[SourceDate "2018.10.10"]
[SourceVersion "1"]
[SourceVersionDate "2018.10.10"]
[SourceQuality "1"]
[WhiteTeam "Rzeszow U20"]
[BlackTeam "Konin UKS Smecz U19"]
[WhiteTeamCountry "POL"]
[BlackTeamCountry "POL"]

1. d4 d5 2. Nf3 Nf6 3. c4 e6 4. Nc3 Be7 5. e3 0-0 6. Bd3 dxc4 7. Bxc4 a6 8. 0-0 b5 9. Bd3 Bb7 10. a3 Nbd7 11. Re1 c5 12. e4 cxd4 13. Nxd4 Nc5 14. Bc2 e5 15. Nf5 Re8 16. Qe2 Bf8 17. f3 Ne6 18. Be3 Qc7 19. Bb3 Rad8 20. Rac1 Qa5 21. Qf2 g6 22. Bb6 Qxb6 23. Qxb6 Bc5+ 24. Qxc5 Nxc5 25. Nh6+ Kg7 26. Nxf7 Rd7 27. Ba2 Nd3 28. Ng5 Nxe1 29. Rxe1 Rd2 30. Ne6+ Kh8 31. Nc5 Re7 32. b4 Ne8 33. Nd5 Bxd5 34. Bxd5 Nc7 35. Bb7 Ne6 36. Bxa6 Nxc5 37. bxc5 Rc2 38. Bxb5 Rxc5 39. a4 Kg7 40. Rd1 Kf6 41. Rd5 Rc1+ 42. Kf2 Rc2+ 43. Kg1 Ra2 44. h4 Rc7 45. Rd6+ Ke7 46. Rd5 Ke6 47. a5 Rc1+ 48. Kh2 Rcc2 49. Bd7+ Kf6 50. Bh3 Rc6 51. Rd7 h6 52. Ra7 Rc5 53. Ra6+ Kg7 54. Ra7+ Kf8 55. Ra6 Rcxa5 56. Rxg6 Ra6 57. Rg3 Rd2 58. Bf5 Kf7 59. Rg4 Rf2 60. Rg3 Ra3 1/2-1/2

[Event "POL-chT U19 2nd League"]
[Site "Iwonicz"]
[Date "2015.08.01"]
[Round "10.50"]
[White "Szczuraszyk, Jaroslaw"]
[Black "Matlewski, Adam"]
[Result "0-1"]
[WhiteElo "1519"]
[BlackElo "1794"]
[PlyCount "100"]
[EventDate "2015.07.25"]
[EventType "team-swiss"]
[EventRounds "11"]
[EventCountry "POL"]
[SourceTitle "EXT 2019"]
[Source "ChessBase"]
[SourceDate "2018.10.10"]
[SourceVersion "1"]
[SourceVersionDate "2018.10.10"]
[SourceQuality "1"]
[WhiteTeam "Wroclaw MUKS MDK Srodmiescie U19 II"]
[BlackTeam "Konin UKS Smecz U19"]
[WhiteTeamCountry "POL"]
[BlackTeamCountry "POL"]

1. d4 Nf6 2. c4 e6 3. Nc3 Bb4 4. e3 0-0 5. Bd3 c5 6. Nge2 b6 7. a3 Bxc3+ 8. bxc3 Bb7 9. 0-0 d5 10. Bb2 Nbd7 11. Ng3 Rc8 12. cxd5 exd5 13. Qd2 Ne4 14. Nxe4 dxe4 15. Be2 Qg5 16. f4 exf3 17. Bxf3 Bxf3 18. Rxf3 cxd4 19. cxd4 Qg6 20. Rc1 Nf6 21. Rff1 Nd5 22. Rxc8 Rxc8 23. Rc1 Re8 24. Re1 Qe4 25. Bc1 Rc8 26. Re2 Qb1 27. Re1 Rc2 28. Qd1 g6 29. Bd2 Qa2 30. Re2 Nc3 31. Bxc3 Rxe2 32. Qf1 Qc2 33. h3 Rxe3 34. Bb4 a5 35. Bd6 Qe4 36. Qf6 Qc6 37. Qd8+ Re8 38. Qc7 Qxc7 39. Bxc7 Re3 40. Bxb6 Rxa3 41. Kf2 Ra2+ 42. Kf3 Kf8 43. Ke4 a4 44. g3 Ke7 45. Bc5+ Kd7 46. Ke5 Rf2 47. g4 Rf3 48. h4 a3 49. d5 a2 50. Bd4 Rf1 0-1

[Event "POL-chT 2nd League"]
[Site "Szczyrk"]
[Date "2014.09.12"]
[Round "7.29"]
[White "Halas, Przemyslaw"]
[Black "Matlewski, Adam"]
[Result "1-0"]
[WhiteElo "1941"]
[BlackElo "1659"]
[PlyCount "61"]
[EventDate "2014.09.06"]
[EventType "team-swiss"]
[EventRounds "9"]
[EventCountry "POL"]
[SourceTitle "EXT 2015"]
[Source "ChessBase"]
[SourceDate "2014.11.20"]
[SourceVersion "1"]
[SourceVersionDate "2014.11.20"]
[SourceQuality "1"]
[WhiteTeam "Bydgoszcz Chemik"]
[BlackTeam "Konin UKS Smecz"]
[WhiteTeamCountry "POL"]
[BlackTeamCountry "POL"]

1. e4 c6 2. d4 d5 3. exd5 cxd5 4. Bd3 Nc6 5. c3 Nf6 6. h3 g6 7. Bf4 Bg7 8. Nf3 0-0 9. Nbd2 a5 10. a4 Bf5 11. Bxf5 gxf5 12. g4 fxg4 13. hxg4 Re8 14. Ne5 Nd7 15. Qc2 Nf8 16. Ndf3 Nxe5 17. dxe5 Ng6 18. e6 Ra6 19. exf7+ Kxf7 20. Be3 Kg8 21. 0-0-0 e5 22. Qb3 Rd6 23. Ng5 h6 24. Ne4 Rd7 25. Nc5 Rd6 26. Nxb7 Qb8 27. Rxd5 Rxd5 28. Qxd5+ Kh7 29. Qf7 Nf4 30. Bxf4 exf4 31. Rxh6+ 1-0

[Event "POL-chT 2nd League"]
[Site "Szczyrk"]
[Date "2014.09.08"]
[Round "3.77"]
[White "Matlewski, Adam"]
[Black "Janulek, Dawid"]
[Result "1-0"]
[WhiteElo "1659"]
[BlackElo "1936"]
[PlyCount "71"]
[EventDate "2014.09.06"]
[EventType "team-swiss"]
[EventRounds "9"]
[EventCountry "POL"]
[SourceTitle "EXT 2015"]
[Source "ChessBase"]
[SourceDate "2014.11.20"]
[SourceVersion "1"]
[SourceVersionDate "2014.11.20"]
[SourceQuality "1"]
[WhiteTeam "Konin UKS Smecz"]
[BlackTeam "Pszczyna PSSz"]
[WhiteTeamCountry "POL"]
[BlackTeamCountry "POL"]

1. d4 Nf6 2. c4 Nc6 3. Nf3 e6 4. g3 Bb4+ 5. Bd2 Bxd2+ 6. Nbxd2 0-0 7. Bg2 d6 8. 0-0 e5 9. d5 Ne7 10. e4 a5 11. Qc2 Nd7 12. Ne1 f5 13. Nd3 f4 14. c5 b6 15. cxb6 cxb6 16. b4 axb4 17. Rfb1 Nc5 18. Rxb4 Ra3 19. Nxc5 bxc5 20. Rb8 Qc7 21. Qb2 Rd3 22. Rb3 Rd4 23. Qc3 fxg3 24. hxg3 c4 25. Rc1 Qc5 26. Qe3 Ba6 27. Rbc3 Qa5 28. Ra3 Qxd2 29. Qxd2 Rxd2 30. Rxa6 Rfxf2 31. Bf1 Rxa2 32. Rxd6 Rfc2 33. Rxc2 Rxc2 34. Rd8+ Kf7 35. d6 Nc6 36. Rc8 1-0

[Event "POL-chT U19 2nd League"]
[Site "Szczyrk"]
[Date "2014.07.26"]
[Round "3.2"]
[White "Matlewski, Adam"]
[Black "Wyczling, Bartosz"]
[Result "1/2-1/2"]
[WhiteElo "1685"]
[BlackElo "1766"]
[PlyCount "81"]
[EventDate "2014.07.25"]
[EventType "team-swiss"]
[EventRounds "11"]
[EventCountry "POL"]
[SourceTitle "EXT 2015"]
[Source "ChessBase"]
[SourceDate "2014.11.20"]
[SourceVersion "1"]
[SourceVersionDate "2014.11.20"]
[SourceQuality "1"]
[WhiteTeam "Konin UKS Smecz U19"]
[BlackTeam "Tczew Skoczek U19"]
[WhiteTeamCountry "POL"]
[BlackTeamCountry "POL"]

1. Nf3 c5 2. c4 Nc6 3. Nc3 e5 4. e3 d6 5. d4 Nf6 6. dxe5 dxe5 7. Qxd8+ Kxd8 8. Bd3 a6 9. a3 h6 10. Ne4 Be7 11. Bd2 Bg4 12. Bc3 Bxf3 13. gxf3 Kc7 14. Ke2 Rad8 15. Rhg1 Rhg8 16. Ng3 g6 17. Ne4 Nd7 18. Bc2 Nb6 19. Nd2 f5 20. Rad1 Bd6 21. b3 Kd7 22. Rg2 Ke6 23. Rdg1 Kf7 24. h4 h5 25. Rb1 Be7 26. Rh2 Nd7 27. b4 Rb8 28. b5 Na7 29. bxa6 bxa6 30. Rxb8 Rxb8 31. Ba4 Nb6 32. Bxe5 Rd8 33. Bb3 Rd7 34. Bg3 Nc6 35. Rh1 Bf6 36. Rb1 Bc3 37. Nf1 Ke7 38. Ba2 Na4 39. Bb3 Nb6 40. Ba2 Na4 41. Bb3 1/2-1/2

[Event "POL-chT3 Wielkopolskie 1314"]
[Site "Poland"]
[Date "2014.02.16"]
[Round "6.28"]
[White "Nowak, Rafal"]
[Black "Matlewski, Adam"]
[Result "1-0"]
[WhiteElo "2039"]
[BlackElo "1604"]
[PlyCount "77"]
[EventDate "2013.10.27"]
[EventType "team-tourn"]
[EventRounds "11"]
[EventCountry "POL"]
[SourceTitle "EXT 2015"]
[Source "ChessBase"]
[SourceDate "2014.11.20"]
[SourceVersion "1"]
[SourceVersionDate "2014.11.20"]
[SourceQuality "1"]
[WhiteTeam "Gniezno LKS Chrobry II"]
[BlackTeam "Konin UKS Smecz"]
[WhiteTeamCountry "POL"]
[BlackTeamCountry "POL"]

1. d4 Nf6 2. Bg5 d5 3. Nd2 Bf5 4. e3 e6 5. Ngf3 Be7 6. Ne5 h6 7. Bf4 Nbd7 8. g4 Bh7 9. Bd3 Bxd3 10. Nxd3 c5 11. dxc5 Nxc5 12. Nxc5 Bxc5 13. Qf3 Bd6 14. g5 hxg5 15. Bxg5 Be5 16. Qe2 Qd7 17. 0-0-0 Rc8 18. f4 Qa4 19. Nb3 Bd6 20. Bxf6 gxf6 21. Kb1 Ke7 22. Rd4 Qc6 23. Rhd1 Rhd8 24. f5 Be5 25. fxe6 fxe6 26. Rg4 f5 27. Rg2 Rh8 28. Nd4 Qc7 29. Rdg1 Qb8 30. Rg6 Bf6 31. Qb5 Rc7 32. Qb4+ Kf7 33. Nxf5 exf5 34. Rxf6+ Kxf6 35. Qd4+ Ke7 36. Qe5+ Kd7 37. Qxd5+ Ke7 38. Qe5+ Kd7 39. Rd1+ 1-0

[Event "POL-chT U19 2nd League"]
[Site "Borowice"]
[Date "2012.07.25"]
[Round "6"]
[White "Matlewski, Adam"]
[Black "Chmielewski, Jakub"]
[Result "0-1"]
[WhiteElo "1562"]
[BlackElo "1782"]
[PlyCount "84"]
[EventDate "2012.07.21"]
[EventType "team-swiss"]
[EventRounds "11"]
[EventCountry "POL"]
[SourceTitle "EXT 2014"]
[Source "ChessBase"]
[SourceDate "2013.11.20"]
[SourceVersion "1"]
[SourceVersionDate "2013.11.20"]
[SourceQuality "1"]
[WhiteTeam "Konin UKS Smecz U19"]
[BlackTeam "Wroclaw MUKS MDK Srodmiescie U19 II"]
[WhiteTeamCountry "POL"]
[BlackTeamCountry "POL"]

1. Nf3 Nf6 2. c4 g6 3. Nc3 Bg7 4. d4 0-0 5. e4 d6 6. Be3 c6 7. Be2 e5 8. dxe5 dxe5 9. 0-0 Nbd7 10. Qc2 Ng4 11. Bd2 f5 12. h3 Nh6 13. Bg5 Qe8 14. exf5 gxf5 15. Bxh6 Bxh6 16. Nh4 e4 17. g4 Ne5 18. gxf5 Nf3+ 19. Nxf3 exf3 20. Bxf3 Bxf5 21. Be4 Qh5 22. Bxf5 Rxf5 23. Ne2 Qxh3 24. Ng3 Raf8 25. Qe4 Rf3 26. Rae1 Kh8 27. Qe5+ Bg7 28. Qe2 Rxg3+ 29. fxg3 Bd4+ 30. Rf2 Rxf2 31. Qxf2 Bxf2+ 32. Kxf2 Qh2+ 33. Kf3 Qxb2 34. Re2 Qc3+ 35. Re3 Qxc4 36. Re8+ Kg7 37. Re7+ Kf6 38. Rxb7 Qxa2 39. Rxh7 Qb3+ 40. Kg4 Qc4+ 41. Kh3 a5 42. g4 Qd3+ 0-1

[Event "POL-chT3 Wielkopolska 1112"]
[Site "Poland"]
[Date "2012.??.??"]
[Round "6.4"]
[White "Skrzypczak, Michal"]
[Black "Matlewski, Adam"]
[Result "1-0"]
[WhiteElo "1961"]
[BlackElo "1523"]
[PlyCount "75"]
[EventDate "2011.11.27"]
[EventType "team-tourn"]
[EventRounds "11"]
[EventCountry "POL"]
[SourceTitle "EXT 2014"]
[Source "ChessBase"]
[SourceDate "2013.11.20"]
[SourceVersion "1"]
[SourceVersionDate "2013.11.20"]
[SourceQuality "1"]
[WhiteTeam "Srem LKS Piast"]
[BlackTeam "Smecz Konin"]
[WhiteTeamCountry "POL"]
[BlackTeamCountry "POL"]

1. b4 e5 2. Bb2 Bxb4 3. Bxe5 Nf6 4. Nc3 Nc6 5. Bxf6 Qxf6 6. Nd5 Qd6 7. Nxb4 Qxb4 8. e3 0-0 9. Nf3 d5 10. Be2 Qg4 11. 0-0 Qg6 12. Bd3 Qf6 13. Rb1 b6 14. c4 dxc4 15. Bxc4 Bg4 16. d4 Bxf3 17. Qxf3 Qxf3 18. gxf3 Na5 19. Ba6 Rad8 20. Rfc1 c6 21. Bf1 Rd6 22. f4 Rc8 23. Bg2 Re8 24. Rb2 Ree6 25. d5 Rh6 26. e4 c5 27. Rxc5 Kf8 28. Rc7 Rd8 29. e5 Rh4 30. f5 Nc4 31. Rb4 b5 32. e6 fxe6 33. fxe6 Ke8 34. Rxb5 Rd4 35. h3 Nb6 36. Rxa7 Nxd5 37. Rxg7 Ne7 38. Rb7 1-0

[Event "POL-chT3 Wielkopolska 1112"]
[Site "Poland"]
[Date "2012.??.??"]
[Round "11.22"]
[White "Zielinski, Tadeusz"]
[Black "Matlewski, Adam"]
[Result "0-1"]
[WhiteElo "1806"]
[BlackElo "1523"]
[PlyCount "114"]
[EventDate "2011.11.27"]
[EventType "team-tourn"]
[EventRounds "11"]
[EventCountry "POL"]
[SourceTitle "EXT 2014"]
[Source "ChessBase"]
[SourceDate "2013.11.20"]
[SourceVersion "1"]
[SourceVersionDate "2013.11.20"]
[SourceQuality "1"]
[WhiteTeam "Poznan Lech"]
[BlackTeam "Smecz Konin"]
[WhiteTeamCountry "POL"]
[BlackTeamCountry "POL"]

1. e4 c6 2. Nf3 d5 3. e5 Bf5 4. h3 e6 5. d4 c5 6. Bd3 Bxd3 7. Qxd3 Nc6 8. c3 Qb6 9. 0-0 cxd4 10. cxd4 Nge7 11. b3 Nf5 12. Bb2 Rc8 13. Nc3 Nfxd4 14. Na4 Nxf3+ 15. Qxf3 Qd8 16. Rac1 Qg5 17. Qe3 Qxe3 18. fxe3 Be7 19. Nc5 b6 20. Nd3 0-0 21. g3 Nb4 22. Nxb4 Bxb4 23. Kf2 Bd2 24. Rxc8 Rxc8 25. Rb1 Rc2 26. Kf3 Kf8 27. h4 Ke8 28. a3 Bc3 29. Bxc3 Rxc3 30. Kf2 f6 31. exf6 gxf6 32. Rb2 Kd7 33. a4 Kc6 34. b4 b5 35. axb5+ Kxb5 36. Ra2 Rc7 37. Rb2 Ka4 38. Kf3 Ka3 39. Rb1 Ka2 40. Rd1 Rc4 41. b5 Rc5 42. Rd4 Ka3 43. e4 Rxb5 44. exd5 Rxd5 45. Rc4 a5 46. g4 h5 47. Rc6 Rd4 48. gxh5 Rxh4 49. Rxe6 Rxh5 50. Rxf6 a4 51. Ke3 Rd5 52. Rb6 Ka2 53. Rb4 a3 54. Ke2 Rd6 55. Ke1 Rd3 56. Ke2 Rb3 57. Rd4 Rb2+ 0-1

[Event "POL-chT3 Wielkopolska 1112"]
[Site "Poland"]
[Date "2011.11.27"]
[Round "1.10"]
[White "Swiatnicki, Andrzej"]
[Black "Matlewski, Adam"]
[Result "1-0"]
[WhiteElo "2110"]
[BlackElo "1523"]
[PlyCount "65"]
[EventDate "2011.11.27"]
[EventType "team-tourn"]
[EventRounds "11"]
[EventCountry "POL"]
[SourceTitle "EXT 2014"]
[Source "ChessBase"]
[SourceDate "2013.11.20"]
[SourceVersion "1"]
[SourceVersionDate "2013.11.20"]
[SourceQuality "1"]
[WhiteTeam "Konin Hetman"]
[BlackTeam "Smecz Konin"]
[WhiteTeamCountry "POL"]
[BlackTeamCountry "POL"]

1. d4 d5 2. Nc3 Nf6 3. Bg5 e6 4. e4 dxe4 5. Nxe4 Be7 6. Nxf6+ Bxf6 7. Bxf6 Qxf6 8. Nf3 Nd7 9. Bd3 0-0 10. 0-0 c5 11. Re1 cxd4 12. Nxd4 Nc5 13. Bxh7+ Kxh7 14. Qh5+ Qh6 15. Qxc5 Rh8 16. Re3 b6 17. Qc6 e5 18. Qxh6+ gxh6 19. Rxe5 Rg8 20. Re7 Rg7 21. Rae1 Bh3 22. g3 Rd8 23. c3 h5 24. Rxa7 h4 25. Re4 Bg4 26. f3 f5 27. Rxg7+ Kxg7 28. Rxg4+ Kf6 29. Rxh4 Re8 30. Rf4 Re1+ 31. Kf2 Rb1 32. Rxf5+ Kg6 33. Rb5 1-0